MOTOR BEHAVIOR AND HUMAN SKILL (Record no. 23308)

MARC details
000 -LEADER
fixed length control field 00397nam a22001697a 4500
003 - CONTROL NUMBER IDENTIFIER
control field SGT
020 ## - INTERNATIONAL STANDARD BOOK NUMBER
International Standard Book Number 9780880116756
082 ## - DEWEY DECIMAL CLASSIFICATION NUMBER
Classification number 612.8252
Item number M98P
100 ## - MAIN ENTRY--PERSONAL NAME
Personal name PIEK, JAN P.
245 ## - TITLE STATEMENT
Title MOTOR BEHAVIOR AND HUMAN SKILL
250 ## - EDITION STATEMENT
Edition statement 1ST
260 ## - PUBLICATION, DISTRIBUTION, ETC. (IMPRINT)
Place of publication, distribution, etc USA
Name of publisher, distributor, etc HUMAN KINETICS PUB
Year of Publication 1998
300 ## - PAGE DESCRIPTION
No. of Pages 434
650 ## - SUBJECT ADDED ENTRY--TOPICAL TERM
Topical term or geographic name as entry element PHYSIOTHEERAPY
653 ## - KEYWORDS--INDEX TERM
Keyword term MOTOR BEHAVIOR AND HUMAN SKILL
942 ## - ADDED ENTRY ELEMENTS (KOHA)
Source of classification or shelving scheme Dewey Decimal Classification
Koha item type Books
Holdings
Withdrawn status Lost status Source of classification or shelving scheme Damaged status Not for loan Collection code Home library Current library Shelving location Date acquired Vendor Name Cost, normal purchase price Volume Information (Serial or Books or Non-Book Material) SGTU Bill Number Total Checkouts Full call number Accession No. (Barcode) Date last seen Bill Date Koha item type
    Dewey Decimal Classification   Not For Loan MEDICAL SGT Medical Library SGT Medical Library Reference Book 12/09/2022 ABC DELHI 5002.00 $-61.00 SGTU 14815   612.8252 M98P FM13229 12/09/2022 27/07/2022 Books